header

Using aspect-oriented programming for trustworthy software development (Record no. 77820)

MARC details
000 -LEADER
fixed length control field 01315nam a2200325 a 4500
082 04 - DEWEY DECIMAL CLASSIFICATION NUMBER
Classification number 005.1
100 1# - MAIN ENTRY--AUTHOR NAME
Personal name Safonov, V. O.
245 10 - TITLE STATEMENT
Title Using aspect-oriented programming for trustworthy software development
260 ## - PUBLICATION, DISTRIBUTION, ETC. (IMPRINT)
Place of publication Hoboken, N.J. :
Name of publisher Wiley-Interscience,
Year of publication c2008.
300 ## - PHYSICAL DESCRIPTION
Number of Pages xii, 338 p. :
Other physical details ill.
650 #0 - SUBJECT ADDED ENTRY--TOPICAL TERM
Topical Term Aspect-oriented programming.
Topical Term Computer software
Topical Term Computer software
856 40 - ELECTRONIC LOCATION AND ACCESS
Uniform Resource Identifier http://site.ebrary.com/lib/rucke/Doc?id=10296752

No items available.

© 2026 Rongo University
Contact us: librarian | system librarian | Rongo university